000 01257nam a2200301 i 4500
003 DO-SdBNP
005 20230609152054.0
006 a||||gr|||| 00| 0
007 ta
008 230425e2007 dr ao||g e||| 001 e spa d
020 _a9789993467397
040 _aDO-SdBNP
_bspa
_cBNPHU
_erda
082 4 _222
_bH55c
100 1 _959875
_aHernández, Mariano
245 _aCarnaval popular dominicano. /
_cMariano Hernández, Dagoberto Tejeda Ortíz; presentación, Manuel Grullón.
264 1 _aSanto Domingo :
_bPopular,
_c2007
300 _a258 páginas :
_bIlustraciones, fotografías ;
_c28 cm.
336 _2rdaconten
_atexto
_btxt
337 _2rdamedia
_asin medición
_bn
338 _2rdacarrier
_avolumen
_bnc
500 _aIncluye datos biográficos de los autores en las página [38 - 39].
500 _aIncluye pie de fotos.
505 _aPresentación. /
_rManuel A Grullón.--
505 _aIntroducción.
_tEl carnaval: origen y evolución.--
_tPersonajes.--
_tMáscara.--
_tRostros.--
_tTravestis.--
_tComparsas.--
_tCreatividad popular.--
_tArte y artesanía.--
_tMagia y fantasía.--
_tPueblo.--
_tIdentidad.--
_tLos autores.--
546 _aLibro en español con traducciones en ingles.
590 _aInventariado 2023 / MF
942 _2ddc
_cLBS1
999 _c53341
_d53341